|
|
|
|
| LEADER |
00000nam0a2200000 4500 |
| 001 |
682036 |
| 005 |
20251001141136.0 |
| 090 |
|
|
|a 682036
|
| 100 |
|
|
|a 20251001d1977 km|y0rusy50 ca
|
| 101 |
0 |
|
|a rus
|
| 102 |
|
|
|a BY
|
| 105 |
|
|
|a a z 001yy
|
| 181 |
|
0 |
|a i
|b e
|
| 182 |
|
0 |
|a n
|
| 183 |
|
0 |
|a nc
|2 RDAcarrier
|
| 200 |
1 |
|
|a Геохимия и металлоносность осадочного чехла Белоруссии
|f В. Е. Бордон
|g Институт геохимии и геофизики АН Белорусской ССР
|
| 203 |
|
|
|a Текст
|b визуальный
|c непосредственный
|
| 210 |
|
|
|a Минск
|c Наука и техника
|d 1977
|
| 215 |
|
|
|a 216 с.
|c ил.
|e 1 вкл.
|
| 283 |
|
|
|a volume
|2 RDAcarrier
|
| 320 |
|
|
|a Литература: с. 207-215
|
| 606 |
|
|
|a Геохимия
|9 34219
|
| 606 |
|
|
|a Горные породы, осадочные
|x Геохимия
|9 35634
|
| 606 |
|
|
|a Металлогения
|9 62078
|
| 610 |
1 |
|
|a нормальное геохимическое поле
|
| 610 |
1 |
|
|a особенности
|
| 610 |
1 |
|
|a аномальное геохимическое поле
|
| 610 |
1 |
|
|a металлоносность
|
| 610 |
1 |
|
|a геологические задачи
|
| 610 |
1 |
|
|a геохимические методы
|
| 610 |
1 |
|
|a применение
|
| 675 |
|
|
|a 550.4
|v 4
|
| 675 |
|
|
|a 552.5:550.4
|v 4
|
| 675 |
|
|
|a 553.078
|v 4
|
| 700 |
|
1 |
|a Бордон
|b В. Е.
|g Всеволод Евгеньевич
|
| 712 |
0 |
2 |
|a Академия наук Белорусской ССР
|b Институт геохимии и геофизики
|4 570
|9 25243
|
| 801 |
|
0 |
|a RU
|b 63413507
|c 20251001
|
| 830 |
|
|
|a Ретро2025Каталогизация Шило
|
| 850 |
|
|
|a 63413507
|
| 942 |
|
|
|c BK
|